01083nab a22002297a 4500999001500000003000400015005001700019008004100036040000700077100002500084245009600109260004200205300001100247500003600258505024500294505008900539650002600628650003200654650003400686773012000720942001300840 c6576d6576OSt20260225121135.0190506c xxu||||| |||| 00| 0 spa d cPJ 97147aLlatser, Norma10aProceso laboral, sus avances a 6 años de la vigencia del nuevo código /cNorma Llatser. aBuenos Aires :bAbeledoPerrot,c2025. ap. 3-9 aCita: TR LALEY AR/DOC/389/2025. aSumario: I. Breve introducción.— II. La intervención del juez.— III. Los plazos procesales.— IV. La tecnología y el proceso: expediente digital.— V. La incorporación de inteligencia artificial: Concilia.— VI. Conclusión. t¿Te interesa el texto completo? Comunicate al correo: koha@justierradelfuego.gov.ar 091316aDERECHO LABORAL 091514aPROCEDIMIENTO LABORAL 095817aINTELIGENCIA ARTIFICIAL0 0275193202dBuenos Aires : AbeledoPerrot, 2013-tRevista de derecho laboral y seguridad social. Nº 7 - Abril 2025 2udccANA